00791nam a22002057a 4500003000400000005001700004008004100021020001500062040000900077100002000086245012700106260002400233490004100257500008800298650005400386650006000440650003800500700002300538700002400561OSt20131111170700.0130524s1992 sp ||||| |||| 00| 0 spa d a8432129348 cCDMR1 aLavine, John M.10aGestión de empresas informativascJohn M. Lavine, Daniel B. Wackman ; edición española a cargo de Francisco Iglesias aMadridbRialpc19920 aCiencias de la Información (RIALP) aTítol original: Managing media organizations : effective leadership of the media 04aEmpresa informativaxDirecció i administració04aEmpreses periodístiquesxDirecció i administració04aMitjans de comunicació de massa1 aWackman, Daniel B.1 aIglesias, Francisco